000 02087nam0a2200349 4500
001 RU\NLR\BIBL_A\012461827
005 20250624041520.0
010 _a978-5-00165-218-2
035 _a(NLR Aleph) 012461827
090 _a12029465
_c12029465
100 _a20210226d2021 |||y0rusy50 ca
101 1 _arus
_cgre
102 _aRU
105 _aac||z|||000zy
181 0 _ai
_baxxe
182 0 _an
200 1 _aСовременная греческая проза
_dΣύγχρονη ελληνική πεζογραφία
_eантология
_eрассказы и новеллы писателей-лауреатов Государственной литературной премии Греции (2010-2018 гг.)
_fГреческая Республика, Министерство культуры и спорта, Генеральный секретариат современной культуры [и др., Европейская ассоциация неоэллинистов]
_gсоставление и послесловие Илиаса Кафаоглу
_gперевод с греческого языка Ксении Климовой и Анны Ковалевой
_zgre
203 _aТекст
_bвизуальный
_cнепосредственный
210 _aСанкт-Петербург
_cАлетейя
_cНезависимый альянс
_d2021
215 _a221, [5] с.
_cил., портр.
_d22
225 1 _aБиблиотека новогреческой литературы
333 _a16+
510 1 _aΣύγχρονη ελληνική πεζογραφία
_zgre
686 1 _aШ6(4Гр)07-440.5я43{Лх1268сб}
702 1 _aКафаоглу
_bИ.
_gИлиас
_4220
712 0 1 _4570
_aГреция
_bМинистерство культуры и спорта
_bГенеральный секретариат современной культуры
_9780827
_3RU\NLR\AUTH\880556877
942 _cBOOK
980 _aNB